Inspección general de ferrocarriles en estudio y construcción: monografía de las líneas férreas fiscales recopiladas para el Congreso de Ferrocarriles de Buenos Aires en 1910
Saved in:
| Corporate Author: | |
|---|---|
| Format: | Book |
| Language: | Spanish |
| Published: |
Santiago, Chile
Imprenta Cervantes
1910
|
| Subjects: | |
| Tags: |
Add Tag
No Tags, Be the first to tag this record!
|
MARC
| LEADER | 00000nam a2200000 a 4500 | ||
|---|---|---|---|
| 001 | UCW9443 | ||
| 003 | CL-VaPUC | ||
| 005 | 20210604103344.0 | ||
| 008 | 890420e19100000CL |||||||||||||||||spa|d | ||
| 999 | |c 221421 |d 221419 | ||
| 040 | |c Pontificia Universidad Católica de Valparaíso | ||
| 082 | 0 | 4 | |a 983 MIN 1910 |2 21 |
| 110 | 2 | |a Ministerio de Industria y Obras Públicas |e author |9 314723 | |
| 245 | 1 | 0 | |a Inspección general de ferrocarriles en estudio y construcción: |b monografía de las líneas férreas fiscales recopiladas para el Congreso de Ferrocarriles de Buenos Aires en 1910 |
| 260 | |a Santiago, Chile |b Imprenta Cervantes |c 1910 | ||
| 300 | |a 229 páginas | ||
| 583 | |a last modification |c 19890420 00:00:00 |k Rodrigo Vera | ||
| 650 | 0 | |a Ferrocarriles |x Historia |9 314724 | |
| 650 | 7 | |a TRANSPORTE TERRESTRE |x FERROCARRILES |z CHILE |9 856740 | |
| 852 | |a BIBCUR | ||
| 942 | |c BK |2 ddc | ||
| 945 | |d 19890420 00:00:00 | ||
| 952 | |0 0 |1 0 |2 ddc |4 0 |6 983_000000000000000_MIN_1910 |7 0 |8 X |9 214743 |a BIBHIS |b BIBHIS |d 2019-11-15 |i 2832844 |o 983 MIN 1910 |p 2832844 |r 2024-01-30 |t 1 |w 2019-11-15 |y BK_X |k HIS | ||